Unix (Record no. 136355)

000 -LEADER
fixed length control field 00234nam a2200109Ia 4500
008 - FIXED-LENGTH DATA ELEMENTS--GENERAL INFORMATION
fixed length control field 220120s9999||||xx |||||||||||||| ||und||
082 ## - DEWEY DECIMAL CLASSIFICATION NUMBER
Classification number 005.43 KOC
100 ## - MAIN ENTRY--PERSONAL NAME
Personal name Kochan
245 #0 - TITLE STATEMENT
Title Unix
260 ## - PUBLICATION, DISTRIBUTION, ETC.
Name of publisher, distributor, etc. New Delhi
300 ## - PHYSICAL DESCRIPTION
Extent 255p.
Other physical details 165
Holdings
Withdrawn status Lost status Damaged status Not for loan Collection code Home library Current library Date acquired Barcode Date last seen Price effective from Koha item type
        Computer Science and Engineering Central Library Central Library 01/20/2022 GF214 01/20/2022 01/20/2022 Gift Books

Powered by Koha